000
00328nam a2200145Ia 4500
999
_c
14204
_d
14204
003
OSt
005
20260413151911.0
008
260210s9999 xx 000 0 und d
020
_a
9780727761712
082
_a
711.4072
100
_a
Meeda
245
0
_a
Graphics For Urban Design, 2Nd Ed.
260
_b
TTL
942
_c
BPLAN
_2
ddc